000 00559nam a22002057a 4500
003 OSt
005 20240628130836.0
008 240628b |||||||| |||| 00| 0 eng d
020 _a978-93-5270-310-4
040 _cTrident
082 _bBAN
_a610
100 _aBratati Banerjee
_945377
245 _aMahajan's Methods in Biostatistics for Medical Students and Research Workers
250 _a9th
260 _aNew Delhi
_bJaypee Brothere
_c2018
300 _axiii,459;
500 _aBook Quantity-2
650 _aBio Medical
_942048
942 _2ddc
_cBK
_n0
999 _c61110
_d61110